10 Capitals Closest to Phnom Penh - Statistics

General Stats
  • This quiz has been taken 41 times
  • The average score is 8 of 10
Answer Stats
km Capital % Correct
529 Bangkok
97%
1973 Jakarta
91%
996 Kuala Lumpur
89%
1143 Singapore
89%
752 Vientiane
89%
1056 Hanoi
86%
1775 Manila
86%
2034 Dhaka
69%
1308 Naypyidaw
66%
1326 Bandar Seri Begawan
60%
No matching quizzes found
Score Distribution
Percent of People with Each Score
Percentile by Number Answered
Your Score History
You have not taken this quiz